[Event "C.to Mondiale U20"]
[Site "Czarna POL"]
[Date "2010.08.14"]
[Round "11"]
[White "Dvirnyy, Danyyil"]
[Black "Leniart, Arkadiusz"]
[Result "1/2-1/2"]
[WhiteElo "2457"]
[BlackElo "2423"]
[PlyCount "113"]
[EventDate "2010.08.03"]

1. d4 e6 2. c4 Nf6 3. g3 Bb4+ 4. Nc3 O-O 5. Nf3 c5 6. Bg2 d6 7. O-O Bxc3 8.
bxc3 Qe7 9. dxc5 dxc5 10. Bf4 Rd8 11. Qb3 Nc6 12. Rfd1 Rxd1+ 13. Rxd1 e5 14.
Bg5 Be6 15. Nd2 Bf5 16. Nf1 Rd8 17. Rxd8+ Nxd8 18. Ne3 Be6 19. Qa4 a6 20. Qa5
Qd6 21. a4 h6 22. Bxf6 gxf6 23. Be4 Kg7 24. Kg2 Kf8 25. h4 Ke8 26. f3 Kd7 27.
Nd5 f5 28. Bd3 f4 29. Nf6+ Ke7 30. Ne4 Qc6 31. Qxc5+ Qxc5 32. Nxc5 fxg3 33.
Kxg3 f5 34. Nxe6 Kxe6 35. c5 Kf6 36. Bc4 Ne6 37. Bd5 Nxc5 38. a5 Ke7 39. f4 Kd6
40. c4 e4 41. Kf2 b6 42. axb6 a5 43. Ke1 a4 44. Kd2 a3 45. Kc2 Na4 46. b7 Kc7
47. Kb3 a2 48. Kxa2 Nc3+ 49. Kb2 Nxe2 50. Be6 e3 51. Bxf5 Nxf4 52. Kc3 Kxb7 53.
Bg4 h5 54. Bxh5 Nxh5 55. Kd3 Nf4+ 56. Kxe3 Ng2+ 57. Ke4 1/2-1/2

[Event "C.to Mondiale U20"]
[Site "Czarna POL"]
[Date "2010.08.14"]
[Round "11"]
[White "Stoyko, Maksym"]
[Black "Hercules, Benjamin Vincent"]
[Result "1/2-1/2"]
[WhiteElo "2206"]
[BlackElo "2057"]
[PlyCount "69"]
[EventDate "2010.08.03"]

1. d4 d5 2. c4 c6 3. Nf3 e6 4. Qc2 Nf6 5. Bg5 Be7 6. e3 O-O 7. Nc3 Nbd7 8. Rd1
h6 9. Bh4 Re8 10. a3 b6 11. Bd3 Bb7 12. O-O Rc8 13. Qe2 c5 14. Ne5 cxd4 15.
exd4 dxc4 16. Bxc4 Qc7 17. Bb5 a6 18. Bxf6 axb5 19. Nxb5 Qd8 20. Bxe7 Qxe7 21.
Nxd7 Qxd7 22. Nc3 Red8 23. Rfe1 Rc7 24. Qg4 Rc4 25. f3 Rxd4 26. Rxd4 Qxd4+ 27.
Qxd4 Rxd4 28. Kf2 Kf8 29. Ke3 e5 30. Ne2 Rd6 31. Rc1 Bc6 32. Ng3 g6 33. Ne4 Re6
34. Rd1 Ke7 35. Nc3 1/2-1/2

[Event "C.to Mondiale U20"]
[Site "Czarna POL"]
[Date "2010.08.15"]
[Round "12"]
[White "Dvirnyy, Danyyil"]
[Black "Arenas Vanegas, David"]
[Result "1-0"]
[WhiteElo "2457"]
[BlackElo "2364"]
[PlyCount "53"]
[EventDate "2010.08.03"]

1. e4 c5 2. Nf3 d6 3. d4 cxd4 4. Nxd4 Nf6 5. Nc3 g6 6. Be3 Bg7 7. Be2 O-O 8.
Qd2 Nc6 9. O-O-O Bd7 10. h4 h5 11. f3 Rc8 12. g4 Ne5 13. gxh5 Nxh5 14. Rhg1 Nc4
15. Bxc4 Rxc4 16. Nde2 b5 17. Bh6 b4 18. Nd5 Be6 19. Bxg7 Kxg7 20. Rg5 Rh8 21.
Ndf4 Nxf4 22. Nxf4 Rxh4 23. Rxg6+ Kh7 24. Nxe6 Qc8 25. Rg7+ Kh8 26. Rdg1 fxe6
27. Rg8+ 1-0

[Event "C.to Mondiale U20"]
[Site "Czarna POL"]
[Date "2010.08.15"]
[Round "12"]
[White "Gora, Jan"]
[Black "Stoyko, Maksym"]
[Result "0-1"]
[WhiteElo "1848"]
[BlackElo "2206"]
[PlyCount "52"]
[EventDate "2010.08.03"]

1. e4 d6 2. d4 Nf6 3. Nc3 g6 4. Be3 c6 5. f3 Qb6 6. Qd2 Qxb2 7. Rb1 Qa3 8. Nge2
Nbd7 9. Nc1 Qa5 10. Nb3 Qd8 11. a4 Bg7 12. Be2 O-O 13. g4 e5 14. h4 d5 15. h5
Re8 16. hxg6 fxg6 17. g5 Nh5 18. exd5 exd4 19. Bxd4 Ne5 20. Kd1 Ng3 21. Re1
Nxe2 22. Qxe2 Bf5 23. Nc5 Nxf3 24. Qxe8+ Qxe8 25. Rxe8+ Rxe8 26. Bxg7 Re1# 0-1

[Event "C.to Mondiale U20"]
[Site "Czarna POL"]
[Date "2010.08.16"]
[Round "13"]
[White "Stoyko, Maksym"]
[Black "Larmuseau, Michiel"]
[Result "1/2-1/2"]
[WhiteElo "2206"]
[BlackElo "2068"]
[PlyCount "69"]
[EventDate "2010.08.03"]

1. d4 Nf6 2. c4 e6 3. Nc3 Bb4 4. Qc2 O-O 5. a3 Bxc3+ 6. Qxc3 b6 7. Bg5 Ba6 8.
e3 d6 9. Bd3 Nbd7 10. Ne2 c5 11. Qc2 h6 12. Bh4 Qc7 13. O-O Rac8 14. Rac1 cxd4
15. exd4 d5 16. b3 dxc4 17. bxc4 e5 18. Bxf6 Nxf6 19. c5 Bxd3 20. Qxd3 e4 21.
Qh3 bxc5 22. Rxc5 Qb7 23. Qc3 Nd7 24. Rxc8 Rxc8 25. Qe3 Nb6 26. Ng3 Re8 27. Nf5
Re6 28. Qg3 Rg6 29. Qe5 Kh7 30. Nd6 Qc6 31. Nxe4 Nc4 32. Qf4 Nxa3 33. Rc1 Nc2
34. Ng3 Qa4 35. Qxf7 1/2-1/2

[Event "C.to Mondiale U20"]
[Site "Czarna POL"]
[Date "2010.08.16"]
[Round "13"]
[White "Ter-Sahakyan, Samvel"]
[Black "Dvirnyy, Danyyil"]
[Result "0-1"]
[WhiteElo "2525"]
[BlackElo "2457"]
[PlyCount "72"]
[EventDate "2010.08.03"]

1. e4 c5 2. Nf3 d6 3. d4 cxd4 4. Nxd4 Nf6 5. Nc3 g6 6. Be3 Bg7 7. f3 O-O 8. Qd2
Nc6 9. Bc4 Bd7 10. O-O-O Rb8 11. Bb3 Na5 12. Kb1 b5 13. h4 Nc4 14. Bxc4 bxc4
15. Ka1 Qb6 16. Rb1 Qa6 17. Bh6 e5 18. Nde2 Be6 19. h5 Rb6 20. g4 Qb7 21. Bxg7
Kxg7 22. Ng3 Rb8 23. Qc1 Kf8 24. Qg5 Ng8 25. hxg6 hxg6 26. Qc1 Ke8 27. Nf1 Ne7
28. Ne3 Kd7 29. Rh7 Ra6 30. g5 Nc6 31. Ned5 Nd4 32. Qd1 Bxd5 33. exd5 Qb4 34.
Rxf7+ Ke8 35. Rg7 Rbb6 36. Qc1 Qb3 0-1

[Event "C.to Mondiale U20 femminile"]
[Site "Czarna POL"]
[Date "2010.08.16"]
[Round "13"]
[White "Chierici, Marianna"]
[Black "Misovic, Sanja"]
[Result "1-0"]
[WhiteElo "2016"]
[BlackElo "1907"]
[PlyCount "59"]
[EventDate "2010.08.03"]

1. e4 c5 2. c3 Nf6 3. e5 Nd5 4. d4 cxd4 5. Nf3 Nc6 6. cxd4 d6 7. exd6 Qxd6 8.
Nc3 Bf5 9. a3 Nxc3 10. bxc3 g6 11. Qb3 Qe6+ 12. Qxe6 fxe6 13. Bb5 Bg7 14. Nh4
O-O 15. Nxf5 exf5 16. Rb1 Na5 17. Bd7 e5 18. Rb5 exd4 19. Rxa5 dxc3 20. O-O
Rfd8 21. Rd5 a6 22. Rfd1 Kh8 23. Bg5 Rdb8 24. a4 h6 25. Bf4 Rd8 26. a5 g5 27.
Bc7 Rf8 28. Rxf5 Rxf5 29. Bxf5 Rf8 30. Rd8 1-0

[Event "C.to Mondiale U20 femminile"]
[Site "Czarna POL"]
[Date "2010.08.16"]
[Round "13"]
[White "Lepeskaite, Migle"]
[Black "Tonel, Giulia"]
[Result "0-1"]
[WhiteElo "1801"]
[BlackElo "2001"]
[PlyCount "29"]
[EventDate "2010.08.03"]

1. d4 Nf6 2. c4 d6 3. Nc3 g6 4. e4 Bg7 5. f4 O-O 6. Nf3 e5 7. fxe5 dxe5 8. d5
a5 9. Bg5 Nbd7 10. Qc2 h6 11. Bh4 Qe7 12. Bg3 Ne8 13. Bd3 Nc5 14. O-O Nd6 15.
Bf2 0-1

[Event "Open SSM A Agosto"]
[Site "Milano ITA"]
[Date "2010.07.30"]
[Round "1"]
[White "Attuati, Stefano"]
[Black "Cazzaniga, Walter"]
[Result "0-1"]
[WhiteElo "1900"]
[BlackElo "2097"]
[PlyCount "64"]
[EventDate "2010.07.30"]

1. e4 e6 2. d4 d5 3. Nc3 Bb4 4. Bd2 Nf6 5. e5 Bxc3 6. bxc3 Ne4 7. Bd3 Nxd2 8.
Qxd2 b6 9. Qe2 c5 10. Qg4 O-O 11. Qh5 h6 12. Nf3 Ba6 13. Bxa6 Nxa6 14. g4 f6
15. g5 fxg5 16. Qg4 Qe7 17. h4 Rf4 18. Qh5 g4 19. Nh2 Qf7 20. Qxf7+ Kxf7 21.
Rd1 Rc8 22. Rg1 h5 23. Rg3 cxd4 24. Rxd4 Rxd4 25. cxd4 Rxc2 26. Ra3 Nb4 27.
Rxa7+ Kg6 28. Ra3 Rxa2 29. Rg3 Nc2+ 30. Kd2 Nxd4+ 31. Kd3 Nf5 32. Rg2 Nxh4 0-1

[Event "Open SSM A Agosto"]
[Site "Milano ITA"]
[Date "2010.07.30"]
[Round "1"]
[White "Bemporad, Filippo"]
[Black "Papale, Carmelo"]
[Result "1-0"]
[WhiteElo "2061"]
[BlackElo "1873"]
[PlyCount "61"]
[EventDate "2010.07.30"]

1. d4 Nf6 2. Nf3 g6 3. c4 c5 4. Nc3 Bg7 5. e4 O-O 6. Be2 cxd4 7. Nxd4 Nc6 8.
Be3 d6 9. O-O Bd7 10. Qd2 Rc8 11. f3 Ne5 12. b3 a6 13. Rac1 h5 14. Rfd1 Kh7 15.
h3 Qa5 16. f4 Nc6 17. Nf3 Rh8 18. e5 dxe5 19. b4 Qc7 20. b5 Nd4 21. fxe5 Nxf3+
22. Bxf3 Qxe5 23. Bd4 Qd6 24. Bxf6 Bxf6 25. Ne4 Qxd2 26. Rxd2 Be6 27. Nxf6+
exf6 28. Bxb7 Rxc4 29. Rxc4 Bxc4 30. bxa6 Bxa6 31. Bxa6 1-0

[Event "Open SSM A Agosto"]
[Site "Milano ITA"]
[Date "2010.07.30"]
[Round "1"]
[White "Bozzali, Ermanno"]
[Black "Pierandrei, Cristiano"]
[Result "1-0"]
[WhiteElo "2145"]
[BlackElo "1919"]
[PlyCount "67"]
[EventDate "2010.07.30"]

1. d4 d5 2. Nf3 Nf6 3. c4 c6 4. Nc3 dxc4 5. a4 e6 6. e3 c5 7. Bxc4 Nc6 8. O-O
Be7 9. Qe2 O-O 10. Rd1 cxd4 11. exd4 Nb4 12. Bf4 Nbd5 13. Be5 Qa5 14. Ne4 Rd8
15. Nfg5 Nxe4 16. Nxe4 f6 17. Bg3 Bd7 18. Nd6 Qb4 19. Bxd5 Bxd6 20. Bxe6+ Bxe6
21. Qxe6+ Kh8 22. d5 Bxg3 23. hxg3 Re8 24. Qd7 Re7 25. Qb5 Qd6 26. Rac1 Rd8 27.
a5 Kg8 28. b4 Kf7 29. Qc5 Qb8 30. d6 Red7 31. b5 a6 32. b6 Kg6 33. g4 Rxd6 34.
Qh5# 1-0

[Event "Open SSM A Agosto"]
[Site "Milano ITA"]
[Date "2010.07.30"]
[Round "1"]
[White "Corti, Massimo"]
[Black "Regorda, Vittorio"]
[Result "1-0"]
[WhiteElo "2020"]
[BlackElo "1859"]
[PlyCount "121"]
[EventDate "2010.07.30"]

1. d4 d5 2. c4 c6 3. Nf3 Nf6 4. e3 a6 5. Qc2 g6 6. Bd3 Bg7 7. b3 O-O 8. O-O b5
9. Nbd2 Bg4 10. Ne5 Be6 11. f4 Nfd7 12. Nef3 Nf6 13. a4 bxc4 14. bxc4 Ng4 15.
Nb3 f5 16. Nc5 Bc8 17. h3 Nh6 18. Ng5 Rf6 19. Bd2 Nf7 20. Nxf7 Kxf7 21. Be1 Nd7
22. Nb3 Re6 23. Ba5 Qe8 24. Bd2 Nf6 25. Nc5 Rd6 26. Rab1 Ne4 27. Bb4 Nxc5 28.
Bxc5 Rd7 29. cxd5 cxd5 30. Rb6 e6 31. a5 Rc7 32. Qe2 Rc6 33. Rfb1 Bf8 34. Rxc6
Qxc6 35. Bb6 Qc3 36. Rb2 Bd6 37. Rc2 Qb4 38. Bc5 Bxc5 39. Rxc5 h6 40. Kh2 Qb8
41. Qc2 Bd7 42. Qf2 Ra7 43. Qh4 Qf8 44. Qe1 Qb8 45. Qc3 g5 46. Qd2 Kg6 47. Rc2
Bb5 48. g3 Bxd3 49. Qxd3 Qb5 50. Qc3 Rb7 51. Qc8 Kf6 52. Qh8+ Kg6 53. fxg5 hxg5
54. h4 Rh7 55. Qg8+ Rg7 56. Qxe6+ Kh5 57. Qxf5 Qb3 58. hxg5 Rxg5 59. Qh7+ Kg4
60. Qh4+ Kf3 61. Qf4# 1-0

[Event "Open SSM A Agosto"]
[Site "Milano ITA"]
[Date "2010.07.30"]
[Round "1"]
[White "Giannotti, Salvatore"]
[Black "Cani, Gazmir"]
[Result "1-0"]
[WhiteElo "1865"]
[BlackElo "2060"]
[PlyCount "55"]
[EventDate "2010.07.30"]

1. d4 Nf6 2. Nf3 c5 3. e3 Qc7 4. Nbd2 g6 5. c3 Bg7 6. Be2 O-O 7. O-O d5 8. b4
b6 9. bxc5 bxc5 10. Ba3 Nbd7 11. Rb1 Rd8 12. Qa4 Ne4 13. Nxe4 dxe4 14. Nd2 f5
15. Rfc1 Kh8 16. Nb3 f4 17. Nxc5 Nxc5 18. Bxc5 Bd7 19. Qa6 fxe3 20. fxe3 Bh6
21. Bxe7 Bxe3+ 22. Kh1 Rdc8 23. Qf6+ Kg8 24. Rf1 Bf5 25. Rxf5 gxf5 26. Qe6+ Kg7
27. Bh5 Rf8 28. Bd6 1-0

[Event "Open SSM A Agosto"]
[Site "Milano ITA"]
[Date "2010.07.30"]
[Round "1"]
[White "Gonella, Daniele"]
[Black "Paganini, Andrea"]
[Result "1-0"]
[WhiteElo "1982"]
[BlackElo "1810"]
[PlyCount "111"]
[EventDate "2010.07.30"]

1. e4 Nc6 2. d4 d6 3. Nc3 Nf6 4. Bc4 Bg4 5. f3 Bh5 6. Nge2 e6 7. O-O d5 8. exd5
exd5 9. Bb3 Na5 10. Nf4 Nxb3 11. axb3 Bg6 12. Re1+ Be7 13. Qe2 c6 14. b4 Kd7
15. b5 Re8 16. bxc6+ bxc6 17. Nxg6 hxg6 18. Qa6 Qb6 19. Qd3 Bd6 20. Be3 Qc7 21.
h3 Nh5 22. Ne2 a5 23. Bf2 Nf4 24. Nxf4 Rxe1+ 25. Bxe1 Bxf4 26. b3 Qb6 27. g3
Bd6 28. Kg2 Bc7 29. Bd2 Qb5 30. c4 Qa6 31. Ra4 Rb8 32. Qc2 Qb6 33. cxd5 cxd5
34. Bxa5 Qb7 35. Qxc7+ Qxc7 36. Bxc7 Kxc7 37. Ra7+ Kd6 38. Rxf7 Rxb3 39. h4 Ke6
40. Rxg7 Kf6 41. Rd7 Ke6 42. Rg7 Kf6 43. Rg8 Kf7 44. Rd8 Ke6 45. Re8+ Kf6 46.
Re5 Rb2+ 47. Kh3 Rb3 48. Kg4 Rb5 49. h5 gxh5+ 50. Kxh5 Rb3 51. Kg4 Rb5 52. Kf4
Ra5 53. g4 Rb5 54. g5+ Kf7 55. Kf5 Kf8 56. Ke6 1-0

[Event "Open SSM A Agosto"]
[Site "Milano ITA"]
[Date "2010.07.30"]
[Round "1"]
[White "Margstahler, Francesco"]
[Black "Quagliarella, Sabino Remo"]
[Result "0-1"]
[WhiteElo "1804"]
[BlackElo "1946"]
[PlyCount "76"]
[EventDate "2010.07.30"]

1. e4 e5 2. Nf3 Nc6 3. Nc3 Bc5 4. Nxe5 Bxf2+ 5. Kxf2 Nxe5 6. d4 Ng6 7. Bc4 Qh4+
8. g3 Qh3 9. Qf1 d6 10. Nd5 Qd7 11. Bd2 N8e7 12. Qe2 O-O 13. Nxe7+ Nxe7 14.
Rhf1 Qh3 15. Kg1 Be6 16. Bd3 Rae8 17. Rae1 Bg4 18. Qg2 Qh5 19. Be2 Bxe2 20.
Rxe2 Qb5 21. b3 Qa6 22. a4 Nd5 23. Rfe1 Nf6 24. e5 dxe5 25. Rxe5 Rxe5 26. Rxe5
Ng4 27. Re7 Qd6 28. Qe4 Nf6 29. Qe5 Qc6 30. Qxc7 Qf3 31. Qf4 Qd1+ 32. Re1 Qxc2
33. b4 Qxa4 34. Qd6 Qc2 35. Bf4 h6 36. Qc5 Qa2 37. Qc7 Ng4 38. Kf1 Qf2# 0-1

[Event "Open SSM A Agosto"]
[Site "Milano ITA"]
[Date "2010.07.30"]
[Round "1"]
[White "Pace, Pietro Dario"]
[Black "Bisignano, Giuseppe"]
[Result "1-0"]
[WhiteElo "2305"]
[BlackElo "1940"]
[PlyCount "43"]
[EventDate "2010.07.30"]

1. e4 e5 2. Nf3 Nc6 3. Bb5 Nf6 4. d3 Bc5 5. O-O d6 6. h3 Bd7 7. c3 Ne7 8. Bc4
b5 9. Bb3 h6 10. d4 exd4 11. cxd4 Bb6 12. Nc3 O-O 13. e5 dxe5 14. dxe5 Nh5 15.
Ng5 Ng3 16. Qd3 hxg5 17. Qxg3 Nf5 18. Qxg5 Nd4 19. Qh5 Bf5 20. Bg5 Qc8 21. Nd5
Re8 22. Nf6+ 1-0

[Event "Open SSM A Agosto"]
[Site "Milano ITA"]
[Date "2010.07.30"]
[Round "1"]
[White "Pelizzola, Danilo"]
[Black "Casartelli, Fabio"]
[Result "1-0"]
[WhiteElo "2092"]
[BlackElo "1886"]
[PlyCount "101"]
[EventDate "2010.07.30"]

1. e4 e5 2. Nf3 Nf6 3. Nxe5 d6 4. Nf3 Nxe4 5. Qe2 Qe7 6. d3 Nf6 7. Bg5 Qxe2+ 8.
Bxe2 Be7 9. Nc3 c6 10. O-O-O Be6 11. Rde1 h6 12. Bd2 Na6 13. Nd4 Nc7 14. Bf3
Kd7 15. Re2 Rae8 16. h3 Nfd5 17. Nxe6 fxe6 18. Nxd5 Nxd5 19. Rhe1 Nc7 20. Bh5
Ref8 21. Bg4 Rf6 22. Bc3 Rg6 23. g3 h5 24. Bf3 Bf6 25. Ba5 b6 26. Be4 Rg5 27.
Bd2 Rb5 28. c3 h4 29. g4 Rf8 30. f4 g5 31. f5 Ra5 32. fxe6+ Nxe6 33. Bf5 Re5
34. Rxe5 dxe5 35. d4 Kd6 36. dxe5+ Bxe5 37. Bxe6 Kxe6 38. Bxg5 Rf3 39. Re3 Rf1+
40. Kc2 Rf2+ 41. Kb3 a5 42. Bxh4 a4+ 43. Kxa4 Rxb2 44. Bg3 Rxa2+ 45. Kb3 Ra5
46. c4 Kf6 47. Rxe5 Rxe5 48. Bxe5+ Kxe5 49. h4 Kf4 50. h5 Kg5 51. Kc3 1-0

[Event "Open SSM A Agosto"]
[Site "Milano ITA"]
[Date "2010.07.30"]
[Round "1"]
[White "Quaranta, Cristiano"]
[Black "Colombo, Luca"]
[Result "1-0"]
[WhiteElo "2126"]
[BlackElo "1907"]
[PlyCount "93"]
[EventDate "2010.07.30"]

1. d4 Nf6 2. Nf3 g6 3. Nc3 Bg7 4. e4 d6 5. h3 O-O 6. Be3 b6 7. Qd2 c5 8. O-O-O
cxd4 9. Nxd4 Bb7 10. Bd3 Nbd7 11. Nb3 Ne5 12. Bh6 Nxd3+ 13. cxd3 Rc8 14. Bxg7
Kxg7 15. Kb1 Qd7 16. h4 h5 17. f3 Kh7 18. d4 Rc7 19. Qg5 Rfc8 20. g4 hxg4 21.
h5 Kg7 22. hxg6 fxg6 23. e5 dxe5 24. dxe5 Qf5+ 25. Qxf5 gxf5 26. exf6+ Kxf6 27.
Nd5+ Bxd5 28. Rxd5 gxf3 29. Rf1 e6 30. Rd3 Rg8 31. Rdxf3 Rg2 32. Nd4 Ke5 33.
Nb5 Rcc2 34. Re1+ Kf6 35. Rb3 Rcd2 36. Nxa7 Kg5 37. Nc6 f4 38. a3 f3 39. Rf1 f2
40. Kc1 Rd5 41. Kc2 Kf4 42. Nb4 Rc5+ 43. Kd2 Ke4 44. Nd3 Rf5 45. Rb4+ Kf3 46.
Ne1+ Kg3 47. Rb3+ 1-0

[Event "Open SSM A Agosto"]
[Site "Milano ITA"]
[Date "2010.07.30"]
[Round "1"]
[White "Simone, Marco"]
[Black "Agrifoglio, Fabio"]
[Result "0-1"]
[WhiteElo "1854"]
[BlackElo "2014"]
[PlyCount "126"]
[EventDate "2010.07.30"]

1. e4 d6 2. d4 Nf6 3. f3 g6 4. Nc3 Bg7 5. Be3 a6 6. Bd3 e5 7. Nge2 b5 8. Qd2
Nbd7 9. d5 Bb7 10. a4 b4 11. Nd1 a5 12. c4 Nc5 13. Nc1 Nfd7 14. Bc2 O-O 15. b3
f5 16. O-O fxe4 17. fxe4 Rxf1+ 18. Kxf1 Qh4 19. g3 Rf8+ 20. Kg2 Qf6 21. Qf2 Qe7
22. Qe2 Bc8 23. Nf2 Rf7 24. Ncd3 Qf8 25. Nxc5 Nxc5 26. Rf1 Nb7 27. Bd1 Bh6 28.
Qd2 Bxe3 29. Qxe3 Nc5 30. Re1 h5 31. Nd3 Nxd3 32. Qxd3 Rf2+ 33. Kg1 Bh3 34. g4
Rg2+ 35. Kh1 Qf2 36. Qxh3 Qxe1+ 37. Kxg2 Qxd1 38. gxh5 Qe2+ 39. Kg1 Qe1+ 40.
Qf1 Qxe4 41. hxg6 Qxg6+ 42. Kh1 Kg7 43. Qh3 Qe4+ 44. Kg1 Qe1+ 45. Kg2 Qd2+ 46.
Kf1 Qf4+ 47. Kg2 Kg6 48. Qe6+ Kh5 49. Qe8+ Kh6 50. Qh8+ Kg6 51. Qg8+ Kf5 52.
Qh7+ Kg4 53. h3+ Kg5 54. Qe7+ Qf6 55. Qxc7 e4 56. h4+ Kf4 57. Qb6 e3 58. h5 Ke4
59. Qa7 Qf3+ 60. Kh2 Qxh5+ 61. Kg3 Kd3 62. Qe7 e2 63. Kf2 Qh2+ 0-1

[Event "Open SSM A Agosto"]
[Site "Milano ITA"]
[Date "2010.07.30"]
[Round "1"]
[White "Tagliaferri, Valerio"]
[Black "Crippa, Gabriele"]
[Result "0-1"]
[WhiteElo "1882"]
[BlackElo "2090"]
[PlyCount "120"]
[EventDate "2010.07.30"]

1. d4 d6 2. c4 e5 3. dxe5 dxe5 4. Qxd8+ Kxd8 5. Nf3 Bb4+ 6. Bd2 Bxd2+ 7. Nbxd2
f6 8. O-O-O Ke7 9. e3 Nh6 10. Bd3 Na6 11. a3 Nc5 12. Bc2 Bf5 13. Bxf5 Nxf5 14.
Kc2 a5 15. g4 Nd6 16. Rhf1 a4 17. Nh4 Rab8 18. Nf5+ Nxf5 19. gxf5 g6 20. Rg1
Kf7 21. e4 Rbd8 22. Rde1 Rd4 23. fxg6+ hxg6 24. Rg2 Rhd8 25. f3 Nd3 26. Rd1 Nf4
27. Rf2 g5 28. Rb1 Nd3 29. Re2 Nc5 30. Rf1 b6 31. Rg2 Rh8 32. Re2 Ke6 33. Rg2
Kd7 34. Rd1 Kc6 35. Rc1 Nd3 36. Rb1 Nf4 37. Rf2 Rh3 38. Rbf1 Ne6 39. Rd1 Nc5
40. Rg1 Nb7 41. Rc1 Na5 42. Kc3 Kc5 43. b4+ axb3 44. Nxb3+ Nxb3 45. Kxb3 Rxe4
46. Rc3 Reh4 47. a4 Rxh2 48. Rxh2 Rxh2 49. Rd3 Rh3 50. Rd5+ Kc6 51. a5 bxa5 52.
Rxa5 Rxf3+ 53. Kb4 e4 54. Rc5+ Kb7 55. Rb5+ Kc8 56. c5 c6 57. Rb6 Kc7 58. Kc4
Rf5 59. Ra6 Re5 60. Ra7+ Kb8 0-1

[Event "Open SSM A Agosto"]
[Site "Milano ITA"]
[Date "2010.07.30"]
[Round "1"]
[White "Vallone, Ugo"]
[Black "Lapiccirella, Daniele"]
[Result "0-1"]
[WhiteElo "1931"]
[BlackElo "2212"]
[PlyCount "110"]
[EventDate "2010.07.30"]

1. Nf3 d5 2. b4 Nf6 3. Bb2 Bg4 4. Ne5 Bh5 5. d4 e6 6. a3 a5 7. b5 Ne4 8. Nd2 f6
9. Nxe4 dxe4 10. g4 fxe5 11. gxh5 e3 12. fxe3 Qh4+ 13. Kd2 Nd7 14. Kc1 Qe4 15.
Qe1 Qxh1 16. Qf2 Bd6 17. Kd2 Rf8 18. Bh3 Qxa1 19. Qxf8+ Kxf8 20. Bxa1 Ke7 21.
Bg2 Bxa3 22. Be4 h6 23. Bxb7 Rf8 24. dxe5 Rf2 25. Bf3 Rxh2 26. Bd4 Bc5 27. Kc3
Bxd4+ 28. exd4 Nb6 29. Kb3 Rh4 30. c3 Rf4 31. Bc6 Nd5 32. c4 Nb4 33. e3 Nxc6
34. exf4 Nxd4+ 35. Ka4 Ne2 36. Kxa5 Nxf4 37. c5 Nd3 38. b6 Nxc5 39. bxc7 Kd7
40. Kb6 Nb3 41. Kb7 Na5+ 42. Kb6 Kc8 43. Kxa5 Kxc7 44. Kb5 Kd7 45. Kc5 Ke7 46.
Kc6 g6 47. hxg6 h5 48. g7 Kf7 49. Kd6 h4 50. g8=Q+ Kxg8 51. Kxe6 h3 52. Kd7 h2
53. e6 h1=Q 54. e7 Qd5+ 55. Ke8 Qc6+ 0-1

[Event "Open SSM A Agosto"]
[Site "Milano ITA"]
[Date "2010.07.31"]
[Round "2"]
[White "Agrifoglio, Fabio"]
[Black "Bozzali, Ermanno"]
[Result "0-1"]
[WhiteElo "2014"]
[BlackElo "2145"]
[PlyCount "46"]
[EventDate "2010.07.30"]

1. g3 c5 2. Bg2 d5 3. Nf3 Nc6 4. d4 e6 5. O-O Nf6 6. b3 cxd4 7. Nxd4 Bc5 8. Bb2
Qb6 9. e3 Bd7 10. Nc3 Ne5 11. Rb1 Rc8 12. Nce2 O-O 13. Nf4 Neg4 14. h3 e5 15.
hxg4 exf4 16. g5 Ne4 17. gxf4 h6 18. Bxe4 dxe4 19. Qh5 hxg5 20. fxg5 Qg6 21.
Qxg6 fxg6 22. Ne2 Rf5 23. Nf4 Rxg5+ 0-1

[Event "Open SSM A Agosto"]
[Site "Milano ITA"]
[Date "2010.07.31"]
[Round "2"]
[White "Bisignano, Giuseppe"]
[Black "Cani, Gazmir"]
[Result "0-1"]
[WhiteElo "1940"]
[BlackElo "2060"]
[PlyCount "54"]
[EventDate "2010.07.30"]

1. e4 c5 2. Nf3 d6 3. d4 cxd4 4. Nxd4 Nf6 5. Nc3 a6 6. Bc4 e6 7. Bb3 b5 8. Be3
Be7 9. O-O O-O 10. a3 Bb7 11. Qd3 Nbd7 12. f3 Rc8 13. Rad1 Ne5 14. Qe2 Nc4 15.
Bc1 Qb6 16. Kh1 Rfe8 17. a4 b4 18. Bxc4 bxc3 19. bxc3 d5 20. e5 Rxc4 21. exf6
Bxf6 22. Bf4 Rxc3 23. Rb1 Qxd4 24. Rxb7 Qxf4 25. Qxa6 Rxc2 26. Qb5 Rf8 27. a5
Be5 0-1

[Event "Open SSM A Agosto"]
[Site "Milano ITA"]
[Date "2010.07.31"]
[Round "2"]
[White "Casartelli, Fabio"]
[Black "Attuati, Stefano"]
[Result "0-1"]
[WhiteElo "1886"]
[BlackElo "1900"]
[PlyCount "120"]
[EventDate "2010.07.30"]

1. d4 e6 2. c4 f5 3. Nc3 d5 4. Nf3 Nf6 5. e3 c6 6. Be2 Bd6 7. Ne5 O-O 8. O-O
Nbd7 9. f4 Ne4 10. Bd2 g5 11. Qe1 Ndf6 12. Nxe4 Nxe4 13. Bb4 c5 14. Bxc5 Nxc5
15. dxc5 Bxc5 16. Qg3 b6 17. Rad1 h6 18. cxd5 exd5 19. Nc6 Qc7 20. Nd4 Kh7 21.
Bh5 Qe7 22. b4 Bxd4 23. Rxd4 Ba6 24. Rc1 Rac8 25. Rdd1 Rxc1 26. Rxc1 Bc4 27.
fxg5 Qxg5 28. Qc7+ Kg8 29. Qg3 Qxg3 30. hxg3 Rf6 31. Kf2 Kf8 32. Kf3 Ke7 33.
Kf4 Kd6 34. Rc2 b5 35. a3 Rf8 36. Rd2 Ke6 37. Bf3 Rc8 38. Rd1 Bb3 39. Rh1 Rc4+
40. e4 fxe4 41. Rxh6+ Ke7 42. Be2 Rc2 43. Bxb5 Rxg2 44. Rh7+ Kf6 45. Rxa7 Rf2+
46. Ke3 Rf3+ 47. Ke2 Rxg3 48. Rh7 Ke5 49. Rh5+ Kd4 50. Bc6 Bc4+ 51. Kf2 Rf3+
52. Kg2 Rxa3 53. Rh1 Ra2+ 54. Kg3 Rb2 55. Rd1+ Bd3 56. b5 e3 57. b6 e2 58. Re1
Rxb6 59. Be8 Ke3 60. Bh5 Rb1 0-1

[Event "Open SSM A Agosto"]
[Site "Milano ITA"]
[Date "2010.07.31"]
[Round "2"]
[White "Cazzaniga, Walter"]
[Black "Corti, Massimo"]
[Result "1-0"]
[WhiteElo "2097"]
[BlackElo "2020"]
[PlyCount "97"]
[EventDate "2010.07.30"]

1. d4 Nf6 2. c4 g6 3. Nc3 Bg7 4. e4 d6 5. Nf3 O-O 6. Be2 Na6 7. O-O e5 8. Re1
Qe8 9. Bf1 Bg4 10. dxe5 dxe5 11. Be3 c6 12. Qb3 Qe7 13. Nd2 Qc7 14. f3 Be6 15.
Qa4 Nd7 16. Rac1 Nb6 17. Qa3 Rfc8 18. c5 Nd7 19. b4 Nab8 20. Nc4 Bxc4 21. Bxc4
b5 22. cxb6 Nxb6 23. Bb3 Qb7 24. b5 Bf8 25. Qb2 cxb5 26. Nxb5 N8d7 27. Red1 a6
28. Nd6 Bxd6 29. Rxd6 Rxc1+ 30. Qxc1 Rc8 31. Qd1 Qc7 32. h3 Nc5 33. Bd5 Nxd5
34. Qxd5 Ne6 35. Qxe5 Qc3 36. Bd4 Nxd4 37. Rxd4 Qe1+ 38. Kh2 h5 39. Rd6 Rf8 40.
Rxa6 Kh7 41. a4 h4 42. a5 Re8 43. Qf4 Re7 44. Ra8 f6 45. a6 Re5 46. Rh8+ Kg7
47. Qh6+ Kf7 48. Qf8+ Ke6 49. Qc8+ 1-0

[Event "Open SSM A Agosto"]
[Site "Milano ITA"]
[Date "2010.07.31"]
[Round "2"]
[White "Colombo, Luca"]
[Black "Rossi, Giampiero"]
[Result "1-0"]
[WhiteElo "1907"]
[BlackElo "1916"]
[PlyCount "57"]
[EventDate "2010.07.30"]

1. e4 c5 2. Nc3 e6 3. g3 Nc6 4. Bg2 g6 5. d3 Bg7 6. Be3 d6 7. Qd2 Nge7 8. Bh6
O-O 9. Bxg7 Kxg7 10. Nge2 e5 11. O-O Be6 12. f4 f6 13. h3 Qd7 14. g4 Rab8 15.
f5 Bg8 16. Ng3 b5 17. Qf2 b4 18. Nd1 a5 19. c3 bxc3 20. bxc3 Rb6 21. Ne3 Qb7
22. fxg6 hxg6 23. g5 Nf5 24. exf5 Rb2 25. gxf6+ Kf7 26. Qf3 Rxg2+ 27. Qxg2 Nd8
28. Rab1 Qd7 29. Rb2 1-0

[Event "Open SSM A Agosto"]
[Site "Milano ITA"]
[Date "2010.07.31"]
[Round "2"]
[White "Crippa, Gabriele"]
[Black "Pace, Pietro Dario"]
[Result "0-1"]
[WhiteElo "2090"]
[BlackElo "2305"]
[PlyCount "148"]
[EventDate "2010.07.30"]

1. b4 Nf6 2. Bb2 e6 3. b5 Be7 4. e3 O-O 5. Nf3 a6 6. a4 axb5 7. axb5 Rxa1 8.
Bxa1 d5 9. Be2 Nbd7 10. O-O Bd6 11. c4 dxc4 12. Bxc4 e5 13. d4 e4 14. Ne5 Qe7
15. Nxd7 Bxd7 16. h3 h5 17. Be2 g6 18. Nd2 Nd5 19. Qb3 Nb6 20. f4 Be6 21. Qb1
Bd5 22. Rc1 Ra8 23. Bc4 Bb4 24. Bc3 Bxc3 25. Rxc3 Nxc4 26. Nxc4 f6 27. Qc1 Qb4
28. Qb2 Qxb2 29. Nxb2 Ra1+ 30. Kh2 Ra2 31. Nc4 Ra4 32. Na3 c6 33. Kg3 Kf7 34.
h4 Ke6 35. Kf2 Rb4 36. bxc6 Bxc6 37. Kg3 Bd5 38. Kf2 Rb2+ 39. Rc2 Rb3 40. Nc4
Bxc4 41. Rxc4 b5 42. Rc6+ Kf5 43. Rc2 b4 44. d5 Rd3 45. Rc5 Rd2+ 46. Kg3 b3 47.
Rb5 Rd3 48. Kf2 Kg4 49. d6 Kxh4 50. d7 Rxd7 51. Rxb3 Rd2+ 52. Kf1 Kg3 53. Rb6
Rxg2 54. Rxf6 Kf3 55. f5 Rf2+ 56. Ke1 Kxe3 57. Rxg6 Rxf5 58. Rg1 Ra5 59. Rg3+
Kf4 60. Rg8 Rg5 61. Rf8+ Rf5 62. Rg8 Kf3 63. Rg1 Ke3 64. Rh1 Kd3 65. Rh2 e3 66.
Ra2 Rc5 67. Ra3+ Rc3 68. Ra1 h4 69. Rd1+ Ke4 70. Rd8 Rc1+ 71. Ke2 Rc2+ 72. Ke1
h3 73. Re8+ Kf4 74. Rf8+ Kg3 0-1